000 01114 a2200229 4500
001 49903
005 20260407155759.0
008 260407a2006 arg spa d
003 AR-UNSa-BCEJYS
040 _aAR-UNSa-BCEJYS
_bspa
_cAR-UNSa-BCEJYS
080 _a330.101.542
_xMicroeconomía
245 1 0 _aMicroeconomía
020 _a978-84-481-4652-8
264 1 _aMadrid :
_bMcGraw-Hill
_c2006
300 _axvi, 309 p.
_c24 cm.
505 _a1. Introducción – 2. Conjunto de consumos y preferencias – 3. La función de utilidad – 4. Demanda – 5. Dualidad en la teoría del consumidor – 6. Equilibrio – 7. Eficiencia, unicidad y estabilidad – 8. Equilibrio y núcleo– 9. Equilibrio y tiempo – 10. Decisión sin incertidumbre – 11. Loterías monetarias y aversión al riesgo – 12. Decisiones de cartera – 13. Equilibrio con incertidumbre – 14. Fallos de mercado.
041 _aspa
942 _cBK
590 _aniveau_biblio:m niveau_hierar:0
100 1 _aVillar, Antonio
856 4 1 _uhttps://www.biblioeco.unsa.edu.ar/pmb/images/libros/L128235.jpg
_yImagen de portada
_qimage/jpeg
999 _c4917
_d4917